000 00266nam a22001217a 4500
008 260312b ||||| |||| 00| 0 eng d
041 _aeng
080 _a2.1
100 _a22
101 _aMenaxh
245 _aMenaxhimi Financiar
_cInstituti Kaf
942 _2lcc
_cBK
999 _c60893
_d60893